000 00335 a2200109 4500
001 ART_12072
005 20260410161903.0
008 260409a
245 1 0 _aA study of multiple-output production functions
100 1 _aHasenkamp, Georg
773 0 _tJournal of econometrics
_g- Vol. 4, NÂș 3 (ago. 1976)
_wREV11720
999 _c26066
_d26066